Xin shu : 1 juan /

Saved in:
Bibliographic Details
Main Author: Zhuge, Liang, 181-234.
Other Authors: He, Yunzhong.
Format: Book
Language:Chinese
Published: [China : s.n., Jiaqing zhong i.e. between 1796 and 1820]
Series:Guang Han Wei cong shu ; 044.
Tags: Add Tag
No Tags, Be the first to tag this record!
LEADER 01191cam a2200313ui 4500
001 007020249-4
005 20024617111505.0
008 960805q17961820cc 000 0 chi d
035 0 |a ocm35186471 
040 |a MH-HY  |c MH-HY  |d CStRLIN 
100 1 |6 880-01  |a Zhuge, Liang,  |d 181-234. 
245 1 0 |6 880-02  |a Xin shu :  |b 1 juan /  |c Zhuge Liang zhuan ; [He Yunzhong ji] 
260 |6 880-03  |a [China :  |b s.n.,  |c Jiaqing zhong i.e. between 1796 and 1820] 
300 |a 1 v. 
490 1 |6 880-04  |a Guang Han Wei cong shu ;  |v 044 
500 |a On double leaves, oriental style, in case. 
500 |6 880-05  |a Ming Wanli 20 [1592] xu, Qing Jiaqing zhong kan ben. 
501 |a With other 2 titles. 
700 1 |6 880-06  |a He, Yunzhong. 
880 1 |6 100-01  |a 諸葛亮,  |d 181-234. 
880 1 0 |6 245-02  |a 心書 :  |b 一卷 /  |c 諸葛亮撰 ; [何允中輯] 
880 |6 260-03  |a [China :  |b s.n.,  |c 嘉慶中 i.e. between 1796 and 1820] 
880 1 |6 490-04  |a 廣漢魏叢書 ;  |v 044 
880 |6 500-05  |a 明萬曆20 [1592]序, 清嘉慶中刊本. 
880 1 |6 700-06  |a 何允中. 
830 0 |6 880-54  |a Guang Han Wei cong shu ;  |v 044. 
880 0 |6 830-54  |a 廣漢魏叢書 ;  |v 044. 
988 |a 20021109 
906 |0 MH